| 000 | 00621nam a2200205Ia 4500 | ||
|---|---|---|---|
| 005 | 20230622143739.0 | ||
| 008 | 131103s9999 xx 000 0 und d | ||
| 040 | _aLoreto College | ||
| 041 | _aEnglish | ||
| 082 |
_a301.15 _bOTT |
||
| 100 | _aOttaway,A.K.C. | ||
| 245 |
_aEducation and society _b an introduction to the sociology of education _cA.K.C.Ottaway |
||
| 260 |
_aLondon _bRoutledge and Kegan Paul _c1962 |
||
| 300 | _axiv,232 p. | ||
| 504 | _aFirst published 1953,reprinted, 3times upto 1966 | ||
| 650 | _aSociology | ||
| 651 | _aSocial interaction/Social Psychology | ||
| 850 | _aLCLIB | ||
| 942 | _cBK | ||
| 999 |
_c11169 _d61648 |
||